Software Engineering: Principles and Practice /

Guardado en:
Detalles Bibliográficos
Autor principal: Vliet, Hans van (Autor)
Formato: Libro
Lenguaje:inglés
Publicado: Weinheim, Brisbanem Singapore, Toronto John Wiley and Sons, Ltd 2000
Edición:2. vyd.
Materias:
Etiquetas: Agregar Etiqueta
Sin Etiquetas, Sea el primero en etiquetar este registro!

MARC

LEADER 00000nam a22000003a 4500
001 0075438
003 SK-STU
005 20190905134054.5
007 ta
008 190905s ----xo-----e------000-0-----d
020 |a 0-471-97508-7 
040 |a STU  |b slo 
041 0 |a eng 
044 |a xxk 
100 1 |a Vliet, Hans van  |4 aut 
245 1 0 |a Software Engineering: Principles and Practice /  |c aut. Hans van Vliet 
250 |a 2. vyd. 
260 |a Weinheim, Brisbanem Singapore, Toronto  |b John Wiley and Sons, Ltd  |c 2000 
300 |a 726 s.,  |e Bg., index 
650 0 7 |a softvérové inžinierstvo 
996 |b I24KN000116  |c I*20SI13424  |l II680  |s P  |a 0  |w 0075438_0001